Reglamento de los Comités Agropecuarios Regionales (Cancitos)
Αποθηκεύτηκε σε:
| Συγγραφή απο Οργανισμό/Αρχή: | |
|---|---|
| Μορφή: | Κείμενο |
| Έκδοση: |
San José:
CAN. Secretaría Ejecutiva
|
| Ετικέτες: |
Προσθήκη ετικέτας
Δεν υπάρχουν, Καταχωρήστε ετικέτα πρώτοι!
|
MARC
| LEADER | 00000 a a2200000 04500 | ||
|---|---|---|---|
| 001 | 18971 | ||
| 003 | |||
| 040 | |||
| 090 | |a 018200 | ||
| 110 | |a Costa Rica. Ministerio de Agricultura y Ganadería. Consejo Agropecuario Nacional | ||
| 245 | |a Reglamento de los Comités Agropecuarios Regionales (Cancitos) | ||
| 260 | |a San José: |b CAN. Secretaría Ejecutiva | ||
| 300 | |a 17 p. | ||
| 999 | |c 12202 |d 12202 | ||
